Liečebná výživa pri chorobách pečene

Bibliographic Details
Main Authors: Dvorský, Andrej, 1924- (Author), Dvorská, Soňa (Author)
Format: Book
Language:Slovak
PhysicalDescription:40 s. 16,5x12 cm.
Published: Bratislava Ústav zdravotnej výchovy [vyd.] 1984
Edition:1. vyd.
Subjects:

MARC

LEADER 00000nam a2200000 a 4500
001 vtls001197200
003 SK-MaSNL
005 20260301233958.0
008 250414s1984 xo 0 slo
020 |q (brož.) 
035 |a SNK000140269 
040 |a SNK  |b slo  |c SNK  |e AACR2 
041 0 |a slo 
044 |a xo  |c SK 
080 |a 616.36:641.56(041)  |2 1981 
080 |a 641.56(041)  |2 1981 
080 |a 641.56  |2 1981 
100 1 |a Dvorský, Andrej,  |d 1924-  |4 aut  |9 232217 
245 1 0 |a Liečebná výživa pri chorobách pečene  |c Andrej Dvorský, Soňa Dvorská 
250 |a 1. vyd. 
260 |a Bratislava  |b Ústav zdravotnej výchovy [vyd.]  |c 1984  |e Liptovský Mikuláš  |f Tlačiarne SNP 
300 |a 40 s.  |c 16,5x12 cm. 
366 |e 50 000 výtl. 
500 |a Zdravotnícka osveta. Nepredajné. 
655 7 |a zdravotnícka osveta  |2 SNK  |9 72803 
700 1 |a Dvorská, Soňa  |4 aut  |9 43546 
852 |a Slovenská národná knižnica 
954 |a pečeň  |a choroby pečene  |a dieta 
958 |a OND 
958 |a BQ 
958 |a TL 
999 |c 968397  |d 970327 
952 |t P60, <04>, [BOOK], {604}  |a SNK  |b SNK  |y VYP  |7 0  |p 17A0339132  |o snkSD 56580 D1  |0 0  |1 0  |4 0  |d 2002-04-08  |l 0  |r 2005-01-01 00:00:00  |w 2026-02-24